|
|
|
|
| LEADER |
00000nab a2200000 a 4500 |
| 001 |
vtls008875962 |
| 003 |
SK-MaSNL |
| 005 |
20260304144916.0 |
| 008 |
250505c2005 xo 0 slo |
| 015 |
|
|
|a SNBCL2005/5
|
| 035 |
|
|
|a SLK034493
|
| 035 |
|
|
|a urn:nbn:sk:snk-abc0z3
|
| 035 |
|
|
|a (urnnbn)urn:nbn:sk:snk:ar-002oap
|
| 035 |
|
|
|a (uuid)0d5535f4-f2fe-4c0c-ac01-9170ce5497d2
|
| 040 |
|
|
|a SNKBUCL
|b slo
|c SNKBUCL
|e AACR2
|
| 041 |
0 |
|
|a eng
|b eng
|
| 044 |
|
|
|a xo
|c SK
|
| 080 |
|
|
|a 579.84
|2 1981
|
| 100 |
1 |
|
|a Meškauskas, Audrius
|4 aut
|9 1466882
|
| 245 |
1 |
0 |
|a Prediction of Pseudomonas putida growth during batch fermentation by controlling acid production rate
|c Audrius Meškauskas ... [et al.]
|
| 300 |
|
|
|b Obr.
|
| 504 |
|
|
|a Res. angl.
|
| 504 |
|
|
|a Bibliogr. odkazy
|
| 650 |
0 |
7 |
|a Pseudomonas putida
|x genetika
|2 MESH
|9 1466883
|
| 650 |
0 |
7 |
|a biomasa
|2 MESH
|9 4197
|
| 650 |
0 |
7 |
|a fermentácia
|2 MESH
|9 14979
|
| 650 |
0 |
7 |
|a hodnota testov, prediktívna
|2 MESH
|9 852278
|
| 700 |
1 |
|
|a Gedminiené, Genovaité
|4 aut
|9 1466884
|
| 700 |
1 |
|
|a Jaskelevičiene, Brone
|4 aut
|9 1466885
|
| 700 |
1 |
|
|a Morkunas, Mindaugas
|4 aut
|9 1466886
|
| 700 |
1 |
|
|a Bumeliene, Žana
|4 aut
|9 1466887
|
| 700 |
1 |
|
|a Sereikaite, Jolanta
|4 aut
|9 1466888
|
| 700 |
1 |
|
|a Bumelis, Vladas-Algirdas
|4 aut
|9 1466889
|
| 773 |
0 |
|
|t Biologia
|g Vol. 60, no. 3, Cellular and Molecular Biology (2005), p. 259-265
|x 0006-3088
|
| 850 |
|
|
|a Slovenská národná knižnica
|
| 852 |
|
|
|a Slovenská národná knižnica
|
| 954 |
|
|
|a odborná, vedecká literatúra cudzojazyčná (svetová)
|2 lita
|
| 958 |
|
|
|a article15
|
| 958 |
|
|
|a OND
|
| 958 |
|
|
|a EUIPO
|
| 999 |
|
|
|c 2933868
|d 2935798
|